Normal view
MARC view
- Verma Rajlaxmi-2K201097 & Dr. Sneha Arekar - Guide
Entry Personal Name
001 - CONTROL NUMBER
- control field: 208064
003 - CONTROL NUMBER IDENTIFIER
- control field: OSt
005 - DATE AND TIME OF LATEST TRANSACTION
- control field: 20240807150647.0
008 - FIXED-LENGTH DATA ELEMENTS
- fixed length control field: 240807|| aca||aabn | a|a d
040 ## - CATALOGING SOURCE
- Original cataloging agency: OSt
- Transcribing agency: OSt
100 ## - HEADING--PERSONAL NAME
- Personal name: Verma Rajlaxmi-2K201097 & Dr. Sneha Arekar - Guide
670 ## - SOURCE DATA FOUND
- Source citation: Work cat.: (OSt)359285: Verma Rajlaxmi-2K201097 & Dr. Sneha Arekar - Guide , A Study on Onboarding Process of Tekdi Technologies, March-2022